000 00706cas a22002175a 4500
001 L130994
008 050920d19781991xxubr p 0 a0eng u
022 1 _a0271-258X
035 _a(Sirsi) u130994
041 0 _aeng
110 2 _aSociety of Real Estate Appraisers
_92098
245 0 0 _aReal Estate Appraiser and Analyst
260 _aChicago
_bSociety of Real Estate Appraisers
_c1978-1991
362 _a44(5) September/October 1978-57(2) August 1991
554 _aSix per year
_b1978-1980
_aFour per year
_b1981-1991
651 4 _aUnited States
_y1959-
690 _aPROPERTY-PROPERTY APPRAISAL AND VALUATION
710 2 _aAppraisal Institute
_92987
780 0 0 _tReal Estate Appraiser
942 _n0
999 _c118833
_d118833